Normal view
MARC view
- Cutlack, F. M
Entry Personal Name
001 - CONTROL NUMBER
- control field: 49423
003 - CONTROL NUMBER IDENTIFIER
- control field: NUST
005 - DATE AND TIME OF LATEST TRANSACTION
- control field: 20210314134328.0
008 - FIXED-LENGTH DATA ELEMENTS
- fixed length control field: 210314|| aca||aabn | a|a d
040 ## - CATALOGING SOURCE
- Original cataloging agency: NUST
- Transcribing agency: NUST
100 ## - HEADING--PERSONAL NAME
- Personal name: Cutlack, F. M
670 ## - SOURCE DATA FOUND
- Source citation: Work cat.: (NUST): Monash, John, 49421, War letters of General Monash,, 1935.
